[Event "Monarch Assurance Isle of Man 11th"]
[Site "Port Erin IOM"]
[Date "2002.10.01"]
[Round "4.3"]
[White "Felgaer, Ruben"]
[Black "Ward, Chris"]
[Result "1/2-1/2"]
[WhiteElo "2528"]
[BlackElo "2498"]
[PlyCount "61"]
[EventDate "2002.09.28"]
[EventType "swiss"]
[EventRounds "9"]
[EventCountry "IOM"]
[SourceTitle "BritBase"]
[SourceDate "2008.07.14"]
[SourceVersion "1"]
[SourceVersionDate "2008.07.14"]
[SourceQuality "2"]

1. e4 c5 2. Nf3 g6 3. d4 cxd4 4. Nxd4 Nf6 5. Nc3 d6 6. Be3 Bg7 7. f3 Nc6 8. Qd2
O-O 9. Bc4 Bd7 10. O-O-O Rb8 11. Bb3 Na5 12. Bh6 b5 13. h4 Bxh6 14. Qxh6 e5 15.
Nde2 b4 16. Nd5 Nxb3+ 17. axb3 Nxd5 18. Rxd5 Be6 19. h5 Rb7 20. Rd3 Qe7 21. f4
exf4 22. Nxf4 Rc8 23. hxg6 fxg6 24. Rg3 Qc7 25. Rxg6+ Kh8 26. Rg8+ Kxg8 27.
Qxe6+ Kh8 28. Qf6+ Kg8 29. Qe6+ Kh8 30. Qf6+ Kg8 31. Qe6+ 1/2-1/2

[Event "Monarch Assurance Isle of Man 11th"]
[Site "Port Erin IOM"]
[Date "2002.10.01"]
[Round "4.5"]
[White "Fridman, Daniel"]
[Black "Hinks-Edwards, Thomas"]
[Result "1-0"]
[WhiteElo "2577"]
[BlackElo "2363"]
[PlyCount "123"]
[EventDate "2002.09.28"]
[EventType "swiss"]
[EventRounds "9"]
[EventCountry "IOM"]
[SourceTitle "BritBase"]
[SourceDate "2008.07.14"]
[SourceVersion "1"]
[SourceVersionDate "2008.07.14"]
[SourceQuality "2"]

1. Nf3 f5 2. d4 e6 3. g3 Nf6 4. Bg2 Be7 5. O-O O-O 6. c4 d6 7. Nc3 Ne4 8. Nxe4
fxe4 9. Nd2 d5 10. Nb1 Nc6 11. Nc3 Bf6 12. e3 Ne7 13. b4 c6 14. Qb3 Kh8 15. a4
e5 16. dxe5 Bxe5 17. cxd5 cxd5 18. Ra2 Qb6 19. Nxd5 Nxd5 20. Qxd5 Be6 21. Qxe5
Bxa2 22. Bb2 Rf7 23. Qxe4 Rd8 24. Qh4 Rfd7 25. Bh3 Be6 26. Bg2 Bd5 27. Bd4 Qg6
28. Bh3 Be6 29. Rc1 Bxh3 30. Qxh3 h6 31. b5 b6 32. Qh4 Qg5 33. Qxg5 hxg5 34.
Rc4 Kg8 35. Kg2 Kf7 36. h3 g6 37. Kf3 Ke6 38. Kg4 Rd5 39. Rc6+ R8d6 40. Rc8 Rd8
41. Rxd8 Rxd8 42. Kxg5 Kf7 43. g4 Rc8 44. h4 Rc4 45. h5 gxh5 46. gxh5 Rc1 47.
Be5 Rg1+ 48. Bg3 Ra1 49. e4 Rxa4 50. e5 a5 51. Kf5 Ra1 52. e6+ Ke8 53. h6 Rh1
54. Kg6 Ke7 55. h7 Kxe6 56. Bf4 a4 57. Bh6 Rg1+ 58. Bg5 Rh1 59. f4 a3 60. f5+
Kd5 61. Bf6 Rg1+ 62. Kf7 1-0

[Event "Monarch Assurance Isle of Man 11th"]
[Site "Port Erin IOM"]
[Date "2002.10.01"]
[Round "4.6"]
[White "Sulskis, Sarunas"]
[Black "Brady, Stephen"]
[Result "1-0"]
[WhiteElo "2577"]
[BlackElo "2353"]
[PlyCount "95"]
[EventDate "2002.09.28"]
[EventType "swiss"]
[EventRounds "9"]
[EventCountry "IOM"]
[SourceTitle "BritBase"]
[SourceDate "2008.07.14"]
[SourceVersion "1"]
[SourceVersionDate "2008.07.14"]
[SourceQuality "2"]

1. e4 e6 2. d4 d5 3. Nd2 Nf6 4. e5 Nfd7 5. c3 c5 6. f4 Nc6 7. Ndf3 cxd4 8. cxd4
f5 9. Bd3 Be7 10. h3 Nb6 11. g4 Bd7 12. Ne2 O-O 13. O-O Be8 14. Rf2 Bg6 15. Rg2
a5 16. Kh2 Kh8 17. gxf5 Bxf5 18. Bxf5 exf5 19. Qg1 Rg8 20. Be3 Qd7 21. Bf2 Nd8
22. Bh4 Ne6 23. Bxe7 Qxe7 24. Ng5 Rac8 25. Nc3 Nxg5 26. Rxg5 g6 27. Qf2 Qd7 28.
Rg2 Rc4 29. Re1 Qe6 30. Nb5 Nc8 31. b3 Rc6 32. a4 b6 33. Qh4 Re8 34. Ree2 Qe7
35. Qxe7 Nxe7 36. h4 Rb8 37. h5 Kg7 38. Nd6 Rc3 39. Rc2 Rxb3 40. Rc7 Kf8 41.
hxg6 hxg6 42. Rg3 Rb2+ 43. Kh3 b5 44. axb5 R2xb5 45. Nxb5 Rxb5 46. Kh4 Kf7 47.
Kg5 Rb1 48. e6+ 1-0

[Event "Monarch Assurance Isle of Man 11th"]
[Site "Port Erin IOM"]
[Date "2002.10.01"]
[Round "4.7"]
[White "Gladyszev, Oleg"]
[Black "Rotstein, Arkadij"]
[Result "1-0"]
[WhiteElo "2388"]
[BlackElo "2557"]
[PlyCount "109"]
[EventDate "2002.09.28"]
[EventType "swiss"]
[EventRounds "9"]
[EventCountry "IOM"]
[SourceTitle "BritBase"]
[SourceDate "2008.07.14"]
[SourceVersion "1"]
[SourceVersionDate "2008.07.14"]
[SourceQuality "2"]

1. d4 Nf6 2. c4 e6 3. Nc3 Bb4 4. Qc2 c5 5. dxc5 O-O 6. a3 Bxc5 7. Nf3 b6 8. Bg5
Bb7 9. e3 h6 10. Bh4 Be7 11. Be2 Nc6 12. O-O Rc8 13. Rfd1 Nh5 14. Bxe7 Qxe7 15.
Nd4 Nxd4 16. Rxd4 Nf6 17. Nb5 e5 18. Rdd1 Ba6 19. Nd6 Rc6 20. Qd2 Qe6 21. a4
Ne8 22. Nxe8 Rxe8 23. Qxd7 Bxc4 24. Bg4 Qxd7 25. Bxd7 Rce6 26. Bxe8 Rxe8 27.
Rd7 a6 28. Rd6 Rb8 29. Rad1 Bb3 30. Rd8+ Rxd8 31. Rxd8+ Kh7 32. Rb8 Bxa4 33.
Rxb6 Bb5 34. f4 exf4 35. exf4 f6 36. Kf2 Kg6 37. Rb7 h5 38. Kg3 Bf1 39. Ra7 Bd3
40. b4 Bb5 41. Kh4 Bf1 42. f5+ Kxf5 43. Rxg7 Be2 44. Re7 Bf1 45. Kxh5 Bxg2 46.
h4 Bf1 47. Kh6 Kg4 48. Rg7+ Kf5 49. Rg1 Bd3 50. Kg7 Ke5 51. Re1+ Kd4 52. Rd1 f5
53. h5 f4 54. h6 Ke3 55. Rxd3+ 1-0

[Event "Monarch Assurance Isle of Man 11th"]
[Site "Port Erin IOM"]
[Date "2002.10.01"]
[Round "4.8"]
[White "Stocek, Jiri"]
[Black "Hanley, Craig A"]
[Result "1-0"]
[WhiteElo "2555"]
[BlackElo "2331"]
[PlyCount "141"]
[EventDate "2002.09.28"]
[EventType "swiss"]
[EventRounds "9"]
[EventCountry "IOM"]
[SourceTitle "BritBase"]
[SourceDate "2008.07.14"]
[SourceVersion "1"]
[SourceVersionDate "2008.07.14"]
[SourceQuality "2"]

1. c4 e5 2. Nc3 Nc6 3. Nf3 g6 4. g3 Bg7 5. Bg2 d6 6. O-O f5 7. Rb1 Nf6 8. b4
O-O 9. b5 Ne7 10. c5 h6 11. Qb3+ Kh7 12. Ba3 Ne8 13. Rfd1 e4 14. cxd6 Nxd6 15.
Ne1 Ng8 16. d3 e3 17. fxe3 Nf6 18. Nc2 Qe7 19. Rf1 Be6 20. Qb4 Qf7 21. Qa5 b6
22. Qa4 Nd5 23. Nxd5 Bxd5 24. Bxd5 Qxd5 25. Qb3 Qxb3 26. Rxb3 a6 27. Bxd6 cxd6
28. bxa6 Rxa6 29. Nb4 Ra5 30. Rc1 g5 31. Rf1 Rc8 32. Kf2 Kg6 33. Rfb1 h5 34. d4
f4 35. gxf4 gxf4 36. exf4 Bxd4+ 37. Kf3 Bc5 38. R1b2 Rca8 39. e4 Ra3 40. f5+
Kf7 41. Kf4 R8a4 42. Nd5 Rxa2 43. h4 Ra1 44. Rb1 Rxb1 45. Rxb1 Ra3 46. Kg5 Ra4
47. Nxb6 Rxe4 48. Nd5 Bf2 49. Rb7+ Kf8 50. Rb8+ Kf7 51. Rb7+ Kf8 52. Kg6 Rg4+
53. Kxh5 Rxh4+ 54. Kg5 Rh1 55. f6 Bh4+ 56. Kg4 Rd1 57. Nc3 Rd3 58. Ne4 Rd4 59.
Kf5 Rxe4 60. Kxe4 Bxf6 61. Kd5 Be5 62. Ke6 Kg8 63. Rd7 Kf8 64. Ra7 Kg8 65. Rf7
Bd4 66. Rf1 Be5 67. Rg1+ Kh7 68. Kf5 Kh6 69. Rg5 Kh7 70. Rg6 Bf4 71. Kf6 1-0

[Event "Monarch Assurance Isle of Man 11th"]
[Site "Port Erin IOM"]
[Date "2002.10.01"]
[Round "4.10"]
[White "Cooper, Lawrence"]
[Black "Kogan, Artur"]
[Result "0-1"]
[WhiteElo "2349"]
[BlackElo "2530"]
[PlyCount "104"]
[EventDate "2002.09.28"]
[EventType "swiss"]
[EventRounds "9"]
[EventCountry "IOM"]
[SourceTitle "BritBase"]
[SourceDate "2008.07.14"]
[SourceVersion "1"]
[SourceVersionDate "2008.07.14"]
[SourceQuality "2"]

1. e4 c5 2. c3 b6 3. d4 Bb7 4. Bd3 Nf6 5. Qe2 cxd4 6. cxd4 Nc6 7. Nf3 Nb4 8.
Nc3 Nxd3+ 9. Qxd3 Qc8 10. Bg5 Ba6 11. Qe3 e6 12. Nd2 Bb4 13. Bxf6 gxf6 14. Rc1
Rg8 15. a3 Be7 16. Ne2 Qb7 17. O-O f5 18. f3 fxe4 19. Nxe4 f5 20. N4c3 Bg5 21.
f4 Bf6 22. Rf2 Kf7 23. d5 Bc4 24. dxe6+ dxe6 25. Nd4 Rad8 26. Nf3 b5 27. Ne5+
Bxe5 28. fxe5 Rg4 29. h3 Rgd4 30. Re1 Kg8 31. Rf3 Kh8 32. Kh2 Qe7 33. b3 Rd3
34. Qf4 Rxf3 35. Qxf3 Bxb3 36. Nxb5 Bd5 37. Qf4 Bxg2 38. Kxg2 Qb7+ 39. Kh2 Qxb5
40. Qg5 Qb2+ 41. Kh1 Qb7+ 42. Kh2 Rc8 43. Qf6+ Qg7 44. Rc1 Re8 45. Qxg7+ Kxg7
46. Rc7+ Kg6 47. Rxa7 f4 48. Kg2 Rc8 49. Kf3 Kf5 50. Rf7+ Kxe5 51. Rxf4 Rc3+
52. Kg4 h5+ 0-1

[Event "Monarch Assurance Isle of Man 11th"]
[Site "Port Erin IOM"]
[Date "2002.10.01"]
[Round "4.11"]
[White "Daly, Colm"]
[Black "Tyomkin, Dimitri"]
[Result "1/2-1/2"]
[WhiteElo "2338"]
[BlackElo "2482"]
[PlyCount "238"]
[EventDate "2002.09.28"]
[EventType "swiss"]
[EventRounds "9"]
[EventCountry "IOM"]
[SourceTitle "BritBase"]
[SourceDate "2008.07.14"]
[SourceVersion "1"]
[SourceVersionDate "2008.07.14"]
[SourceQuality "2"]

1. d4 Nf6 2. c4 g6 3. Nc3 d5 4. Nf3 Bg7 5. cxd5 Nxd5 6. e4 Nxc3 7. bxc3 c5 8.
Be3 Qa5 9. Qd2 Nc6 10. Rc1 Bg4 11. d5 Rd8 12. Be2 O-O 13. O-O e6 14. Rfd1 exd5
15. exd5 Bxf3 16. Bxf3 Ne5 17. c4 Qc7 18. d6 Qc8 19. Qd5 b6 20. Bg5 Rd7 21. Re1
Re8 22. Bf4 Nxf3+ {(=)} 23. gxf3 Bf8 24. Rcd1 Red8 25. Rd2 Bxd6 26. Bxd6 Rxd6
27. Qxd6 Rxd6 28. Rxd6 Qa6 29. Re4 Qxa2 30. Kg2 Qa4 31. h3 Kg7 32. Kg3 Qa3 33.
Kg2 Qc1 34. h4 h5 35. Rd7 a5 36. Rb7 a4 37. Rxb6 a3 38. Ra6 Qb2 39. Re3 a2 40.
Rea3 Qd4 41. R6a4 Qxh4 42. Rxa2 Qg5+ 43. Kh2 Qf4+ 44. Kg2 g5 45. R2a3 g4 46.
fxg4 hxg4 47. Re3 Qd4 48. Raa3 Qxc4 49. f3 gxf3+ 50. Rxf3 Qe2+ 51. Kg3 Kg6 52.
Rae3 Qd1 53. Kg2 Qd2+ 54. Kg3 Qd6+ 55. Kg2 f5 56. Rd3 Qe5 57. Rfe3 Qb2+ 58. Kf3
Kg5 59. Rc3 Qb5 60. Kf2 Qb2+ 61. Kf3 Qa1 62. Ke2 Qa2+ 63. Kf3 Qd5+ 64. Kf2 Qd2+
65. Kf3 c4 66. Ra3 Qd1+ 67. Kf2 f4 68. Rec3 Qd4+ 69. Ke2 Kg4 70. Ke1 Qe4+ 71.
Kd2 Qb1 72. Ke2 Qb2+ 73. Kd1 Kf5 74. Rh3 Ke4 75. Rhc3 Qb5 76. Kd2 Kd4 77. Rf3
Qg5 78. Kd1 Qh5 79. Kc2 Ke4 80. Rfc3 Qe2+ 81. Kc1 Kd5 82. Ra5+ Kd4 83. Raa3
Qf1+ 84. Kc2 Qg2+ 85. Kc1 Qe2 86. Rf3 Ke4 87. Rfc3 Kd5 88. Ra5+ Kd4 89. Raa3
Kc5 90. Rh3 Kb4 91. Rhf3 Qe1+ 92. Kc2 Qe4+ 93. Kc1 Qe5 94. Kc2 Qd4 95. Rh3 Qf2+
96. Kc1 Kc5 97. Rhf3 Qe1+ 98. Kc2 Qe2+ 99. Kc1 Qe1+ 100. Kc2 Qe4+ 101. Kc1 Kd4
102. Kd2 Qf5 103. Kc1 Qg4 104. Kc2 Qg2+ 105. Kc1 Ke4 106. Rfc3 Qe2 107. Rh3 Kf5
108. Rhc3 Kg4 109. Kb1 Qd1+ 110. Rc1 Qe2 111. Rcc3 Qd2 112. Ka1 Qe1+ 113. Kb2
Qd1 114. Ka2 Qd4 115. Kb1 Qd2 116. Ka1 f3 117. Rxf3 Qd1+ 118. Ka2 Qc2+ 119. Ka1
Qc1+ 1/2-1/2

[Event "Monarch Assurance Isle of Man 11th"]
[Site "Port Erin IOM"]
[Date "2002.10.01"]
[Round "4.12"]
[White "Burrows, Martin"]
[Black "Kunte, Abhijit"]
[Result "1-0"]
[WhiteElo "2196"]
[BlackElo "2477"]
[PlyCount "83"]
[EventDate "2002.09.28"]
[EventType "swiss"]
[EventRounds "9"]
[EventCountry "IOM"]
[SourceTitle "BritBase"]
[SourceDate "2008.07.14"]
[SourceVersion "1"]
[SourceVersionDate "2008.07.14"]
[SourceQuality "2"]

1. e4 c5 2. Nf3 e6 3. d4 cxd4 4. Nxd4 Nc6 5. Nb5 d6 6. c4 Nf6 7. N1c3 a6 8. Na3
b6 9. Be2 Be7 10. O-O O-O 11. Be3 Qc7 12. f4 Bb7 13. Bf3 Rac8 14. Rc1 Nb8 15.
g4 Rfe8 16. g5 Nfd7 17. Bg2 Nf8 18. Qh5 Nbd7 19. Bd4 Qd8 20. h4 g6 21. Qg4 e5
22. Be3 exf4 23. Qxf4 Ne5 24. Nd5 Ne6 25. Qf2 Bxd5 26. Bxb6 Qd7 27. exd5 Nc5
28. Rc3 Bf8 29. Bh3 Qb7 30. Bxc8 Qxb6 31. Bh3 Bg7 32. Kh1 Rb8 33. Rc2 Qa5 34.
Qd2 Qa4 35. Rf4 Ned3 36. Rf3 Bxb2 37. Nb1 Ne1 38. Rxb2 Rxb2 39. Qxe1 Kf8 40.
Qf1 f5 41. Bxf5 Ke7 42. Bc2 1-0

[Event "Monarch Assurance Isle of Man 11th"]
[Site "Port Erin IOM"]
[Date "2002.10.01"]
[Round "4.13"]
[White "Marchand, Francois"]
[Black "Ulibin, Mikhail"]
[Result "0-1"]
[WhiteElo "2237"]
[BlackElo "2589"]
[PlyCount "148"]
[EventDate "2002.09.28"]
[EventType "swiss"]
[EventRounds "9"]
[EventCountry "IOM"]
[SourceTitle "BritBase"]
[SourceDate "2008.07.14"]
[SourceVersion "1"]
[SourceVersionDate "2008.07.14"]
[SourceQuality "2"]

1. d4 e6 2. c4 f5 3. g3 Nf6 4. Bg2 c6 5. Nd2 d5 6. Qc2 Bd6 7. Nh3 O-O 8. O-O b6
9. Nf3 Ne4 10. Bf4 Bb7 11. Bxd6 Qxd6 12. Rfd1 Nd7 13. Nf4 a5 14. Rac1 Rac8 15.
Qb1 Ba6 16. cxd5 exd5 17. Bf1 g5 18. Nd3 f4 19. g4 Qe6 20. Nde5 Nxe5 21. Nxe5
c5 22. h3 Rc7 23. b3 Rfc8 24. Qb2 c4 25. Bg2 c3 26. Qc2 Nd6 27. Bf3 Nf7 28. Qf5
Qxf5 29. gxf5 Bb7 30. h4 h6 31. Bh5 Nd6 32. f6 Rf8 33. f7+ Kg7 34. hxg5 hxg5
35. Rd3 Ne4 36. Bg6 c2 37. f3 Ba6 38. fxe4 Bxd3 39. exd3 Rd8 40. Bf5 dxe4 41.
Bxe4 Rxd4 42. Nf3 Rd6 43. Nxg5 Rc5 44. Nh3 Rf6 45. Kf2 Kxf7 46. Kf3 Rh6 47.
Nxf4 Rh2 48. Ke3 Ke8 49. Ne2 Rc7 50. d4 Re7 51. Rxc2 Rh3+ 52. Ng3 Rxg3+ 53. Kf4
Rg1 54. Bd3 Rd1 55. Bb5+ Kd8 56. Rc6 Rxd4+ 57. Kf3 Rb7 58. Ke3 Rh4 59. Rd6+ Ke7
60. Rg6 Rb8 61. a4 Rh3+ 62. Ke4 Rxb3 63. Kd5 Rc3 64. Rg7+ Kf6 65. Rd7 Rc5+ 66.
Kd6 Re8 67. Rh7 Ree5 68. Rh6+ Kg5 69. Rh8 Red5+ 70. Ke6 Rxb5 71. axb5 Rxb5 72.
Kd6 a4 73. Kc6 Rb3 74. Ra8 b5 0-1

[Event "Monarch Assurance Isle of Man 11th"]
[Site "Port Erin IOM"]
[Date "2002.10.01"]
[Round "4.14"]
[White "Rayner, Francis"]
[Black "Neverov, Valery"]
[Result "0-1"]
[WhiteElo "2219"]
[BlackElo "2587"]
[PlyCount "68"]
[EventDate "2002.09.28"]
[EventType "swiss"]
[EventRounds "9"]
[EventCountry "IOM"]
[SourceTitle "BritBase"]
[SourceDate "2008.07.14"]
[SourceVersion "1"]
[SourceVersionDate "2008.07.14"]
[SourceQuality "2"]

1. e4 c5 2. Nf3 d6 3. c3 Nf6 4. Bd3 Nc6 5. h3 g6 6. O-O Bg7 7. Bc2 O-O 8. d4 b6
9. Re1 cxd4 10. Ba4 Bb7 11. cxd4 Rc8 12. Nc3 Na5 13. Bc2 a6 14. d5 b5 15. Nd4
Qd7 16. a4 b4 17. Na2 e6 18. dxe6 fxe6 19. b3 Nc6 20. Bb2 Nxd4 21. Bxd4 e5 22.
Bb2 a5 23. Bd3 Qf7 24. f3 d5 25. Bxe5 dxe4 26. fxe4 Rfe8 27. Bb2 Nxe4 28. Rf1
Qe7 29. Bxg7 Kxg7 30. Bc4 Qc5+ 31. Kh2 Qe5+ 32. Kg1 Nd6 33. Bd3 Qd4+ 34. Kh1
Re3 0-1

[Event "Monarch Assurance Isle of Man 11th"]
[Site "Port Erin IOM"]
[Date "2002.10.01"]
[Round "4.16"]
[White "Hebden, Mark"]
[Black "Grant, Alan"]
[Result "1-0"]
[WhiteElo "2534"]
[BlackElo "2195"]
[PlyCount "55"]
[EventDate "2002.09.28"]
[EventType "swiss"]
[EventRounds "9"]
[EventCountry "IOM"]
[SourceTitle "BritBase"]
[SourceDate "2008.07.14"]
[SourceVersion "1"]
[SourceVersionDate "2008.07.14"]
[SourceQuality "2"]

1. d4 Nf6 2. Nf3 e6 3. c3 c5 4. Bg5 h6 5. Bxf6 Qxf6 6. e4 Nc6 7. d5 exd5 8.
exd5 Ne5 9. Nxe5 Qxe5+ 10. Be2 Bd6 11. Na3 O-O 12. Nc4 Qf6 13. O-O b5 14. Nxd6
Qxd6 15. Bxb5 Rb8 16. Qd3 a6 17. Bc4 Rxb2 18. Rab1 Rxb1 19. Rxb1 Re8 20. g3 g6
21. a4 Kg7 22. h4 h5 23. a5 Qc7 24. d6 Qxa5 25. Qf3 f5 26. Qd5 Rf8 27. Qe5+ Kh6
28. Qf4+ 1-0

[Event "Monarch Assurance Isle of Man 11th"]
[Site "Port Erin IOM"]
[Date "2002.10.01"]
[Round "4.17"]
[White "Grunberg, Mihai"]
[Black "Blackburn, Jonathan LB"]
[Result "1-0"]
[WhiteElo "2445"]
[BlackElo "2158"]
[PlyCount "61"]
[EventDate "2002.09.28"]
[EventType "swiss"]
[EventRounds "9"]
[EventCountry "IOM"]
[SourceTitle "BritBase"]
[SourceDate "2008.07.14"]
[SourceVersion "1"]
[SourceVersionDate "2008.07.14"]
[SourceQuality "2"]

1. Nf3 e6 2. c4 Nf6 3. g3 b6 4. Bg2 Bb7 5. Nc3 Be7 6. d4 O-O 7. Qc2 d6 8. O-O
Nbd7 9. e4 e5 10. Nd5 Nxd5 11. cxd5 f5 12. dxe5 dxe5 13. exf5 Bxd5 14. Ng5 Bxg2
15. Ne6 Bxf1 16. Nxd8 Raxd8 17. Kxf1 Nc5 18. Be3 e4 19. b4 Bf6 20. Rb1 Nb7 21.
Qxc7 Nd6 22. g4 Be5 23. Qxa7 Nc4 24. Re1 Bxh2 25. Bxb6 Bb8 26. Qb7 Nd2+ 27. Ke2
Rd3 28. Rd1 Bf4 29. a4 Rb8 30. Qxb8+ Bxb8 31. Rxd2 1-0

[Event "Monarch Assurance Isle of Man 11th"]
[Site "Port Erin IOM"]
[Date "2002.10.01"]
[Round "4.19"]
[White "Hutchinson, Norman A"]
[Black "Ansell, Simon"]
[Result "1-0"]
[WhiteElo "2175"]
[BlackElo "2399"]
[PlyCount "45"]
[EventDate "2002.09.28"]
[EventType "swiss"]
[EventRounds "9"]
[EventCountry "IOM"]
[SourceTitle "BritBase"]
[SourceDate "2008.07.14"]
[SourceVersion "1"]
[SourceVersionDate "2008.07.14"]
[SourceQuality "2"]

1. e4 c5 2. Nf3 Nc6 3. c3 d5 4. exd5 Qxd5 5. d4 g6 6. Be3 cxd4 7. cxd4 Bg7 8.
Nc3 Qd8 9. Bb5 Bd7 10. O-O Nf6 11. d5 Nb8 12. d6 O-O 13. dxe7 Qxe7 14. Re1 Qb4
15. Bxd7 Nbxd7 16. Qd4 Qa5 17. Bd2 Qa6 18. Nd5 Nxd5 19. Qxd5 Nb6 20. Qb3 Na4
21. Bb4 Rfc8 22. Re7 Qc4 23. Re8+ 1-0

[Event "Monarch Assurance Isle of Man 11th"]
[Site "Port Erin IOM"]
[Date "2002.10.01"]
[Round "4.20"]
[White "Welling, Gerard"]
[Black "Ellison, D George"]
[Result "1-0"]
[WhiteElo "2393"]
[BlackElo "2116"]
[PlyCount "81"]
[EventDate "2002.09.28"]
[EventType "swiss"]
[EventRounds "9"]
[EventCountry "IOM"]
[SourceTitle "BritBase"]
[SourceDate "2008.07.14"]
[SourceVersion "1"]
[SourceVersionDate "2008.07.14"]
[SourceQuality "2"]

1. e4 c5 2. Nc3 Nc6 3. g3 g6 4. Bg2 Bg7 5. d3 e6 6. Be3 d6 7. Nh3 Nge7 8. O-O
Nd4 9. Qd2 Bd7 10. Nd1 e5 11. f4 Qc7 12. c3 Ndc6 13. fxe5 Nxe5 14. Nhf2 O-O-O
15. Rb1 Kb8 16. b4 cxb4 17. Rxb4 Rc8 18. Rb3 Bc6 19. c4 f5 20. Nc3 b6 21. Rfb1
Nd7 22. Nb5 Bxb5 23. Rxb5 Nc6 24. exf5 Bd4 25. Ne4 Bxe3+ 26. Qxe3 gxf5 27. Rxf5
Nde5 28. c5 Nd7 29. cxd6 Qb7 30. Rf7 Rhe8 31. Rxh7 Rcd8 32. Qf2 Qa6 33. Rxd7
Rxd7 34. Nc5 Qc8 35. Nxd7+ Qxd7 36. Qf3 Kb7 37. Rc1 Rc8 38. Rxc6 Rxc6 39. Qxc6+
Qxc6 40. d7 Qxg2+ 41. Kxg2 1-0

[Event "Monarch Assurance Isle of Man 11th"]
[Site "Port Erin IOM"]
[Date "2002.10.01"]
[Round "4.21"]
[White "Pert, Richard"]
[Black "Lutton, E Josiah"]
[Result "1-0"]
[WhiteElo "2357"]
[BlackElo "2045"]
[PlyCount "73"]
[EventDate "2002.09.28"]
[EventType "swiss"]
[EventRounds "9"]
[EventCountry "IOM"]
[SourceTitle "BritBase"]
[SourceDate "2008.07.14"]
[SourceVersion "1"]
[SourceVersionDate "2008.07.14"]
[SourceQuality "2"]

1. d4 e6 2. e4 d5 3. e5 c5 4. Nf3 Nc6 5. Bd3 cxd4 6. O-O Nge7 7. Bf4 Ng6 8. Bg3
Qb6 9. Nbd2 Bd7 10. Nb3 Rc8 11. h4 Nge7 12. a4 Na5 13. Nxa5 Qxa5 14. Nxd4 a6
15. c3 Nc6 16. Nf3 Be7 17. Re1 O-O 18. Bc2 Qc7 19. Qd3 g6 20. Qd2 Rfd8 21. Rad1
Be8 22. Qf4 b5 23. axb5 axb5 24. h5 Ra8 25. Bh4 Bxh4 26. Qxh4 Qe7 27. Qf4 b4
28. Nh2 g5 29. Qf3 Qf8 30. Ng4 h6 31. Nf6+ Kh8 32. c4 Rac8 33. cxd5 exd5 34.
Rxd5 Rxd5 35. Qxd5 Ne7 36. Qe4 Qg7 37. Qxb4 1-0

[Event "Monarch Assurance Isle of Man 11th"]
[Site "Port Erin IOM"]
[Date "2002.10.01"]
[Round "4.22"]
[White "Orr, Mark JL"]
[Black "Van Kemenade, Rudy"]
[Result "1-0"]
[WhiteElo "2332"]
[BlackElo "2141"]
[PlyCount "99"]
[EventDate "2002.09.28"]
[EventType "swiss"]
[EventRounds "9"]
[EventCountry "IOM"]
[SourceTitle "BritBase"]
[SourceDate "2008.07.14"]
[SourceVersion "1"]
[SourceVersionDate "2008.07.14"]
[SourceQuality "2"]

1. d4 c5 2. d5 f5 3. g3 Nf6 4. Bg2 d6 5. Nh3 Na6 6. c4 g6 7. Nc3 Bg7 8. O-O O-O
9. Nf4 Nc7 10. Rb1 Qe8 11. e3 Rb8 12. a4 a6 13. b4 Ng4 14. Bd2 Ne5 15. Qe2 cxb4
16. Rxb4 a5 17. Rbb1 Na6 18. Nb5 b6 19. Bc3 Nc5 20. Bd4 Qd8 21. Bxc5 bxc5 22.
Rb3 Bd7 23. Rfb1 g5 24. Nh5 f4 25. exf4 Bg4 26. Qc2 Bxh5 27. fxe5 Bg6 {(=)} 28.
Be4 Bxe4 29. Qxe4 Bxe5 30. Qg4 Bf6 31. h4 Qc8 32. Qxc8 Rfxc8 33. hxg5 Bxg5 34.
Kg2 Bd2 35. Rd3 Bb4 36. Re3 Re8 37. Nc7 Rec8 38. Rxe7 Rb7 39. Re8+ Rxe8 40.
Nxe8 Re7 41. Nxd6 Re2 42. Rb3 Ra2 43. Rd3 Kf8 44. Ne4 Ke7 45. d6+ Kd8 46. d7 h6
47. g4 Rxa4 48. g5 Ra3 49. Rd5 Bc3 50. Nxc5 1-0

[Event "Monarch Assurance Isle of Man 11th"]
[Site "Port Erin IOM"]
[Date "2002.10.01"]
[Round "4.24"]
[White "Gordon, Stephen J"]
[Black "Cioara, Andrei Nestor"]
[Result "1-0"]
[WhiteElo "2159"]
[BlackElo "2414"]
[PlyCount "125"]
[EventDate "2002.09.28"]
[EventType "swiss"]
[EventRounds "9"]
[EventCountry "IOM"]
[SourceTitle "BritBase"]
[SourceDate "2008.07.14"]
[SourceVersion "1"]
[SourceVersionDate "2008.07.14"]
[SourceQuality "2"]

1. d4 Nf6 2. c4 e6 3. Nc3 Bb4 4. e3 b6 5. Nge2 Ba6 6. a3 Bxc3+ 7. Nxc3 d5 8. b3
O-O 9. Be2 Nc6 10. a4 Nb4 11. Ba3 c5 12. O-O Bb7 13. cxd5 exd5 14. a5 Qe7 15.
axb6 axb6 16. Na4 Qd6 17. Rc1 Rfb8 18. dxc5 bxc5 19. Bxb4 cxb4 20. Qd4 Ne4 21.
Rfd1 Qe7 22. Bf3 Rc8 23. Rxc8+ Rxc8 24. Nb6 Re8 25. Bxe4 dxe4 26. Nc4 Bc6 27.
Nd6 Rb8 {(=)} 28. Nf5 Qf8 29. Qe5 Re8 30. Qc7 Bb5 31. Rd4 Bd3 32. h3 g6 33. Nd6
Re6 34. Qc5 Qb8 35. f3 Qa8 36. Qc7 Qf8 37. fxe4 Bc2 38. Nxf7 Qxf7 39. Rd8+ Kg7
40. Rd7 Qxd7 41. Qxd7+ Kf6 42. Qd4+ Kf7 43. Qxb4 Bxe4 44. Qc4 h5 45. b4 Kf6 46.
b5 Re7 47. Qd4+ Kf7 48. Kf2 Bb7 49. g3 Be4 50. Ke2 Bg2 51. Qf4+ Kg7 52. g4 hxg4
53. hxg4 Rf7 54. Qe5+ Kg8 55. Kd3 Rd7+ 56. Kc4 Kf7 57. e4 Re7 58. Qf4+ Kg7 59.
Kd5 Rf7 60. Qe5+ Kg8 61. Qe8+ Kg7 62. Qxf7+ Kxf7 63. b6 1-0

[Event "Monarch Assurance Isle of Man 11th"]
[Site "Port Erin IOM"]
[Date "2002.10.01"]
[Round "4.25"]
[White "Dougherty, Michael"]
[Black "Hanley, James"]
[Result "1-0"]
[WhiteElo "2320"]
[BlackElo "1990"]
[PlyCount "85"]
[EventDate "2002.09.28"]
[EventType "swiss"]
[EventRounds "9"]
[EventCountry "IOM"]
[SourceTitle "BritBase"]
[SourceDate "2008.07.14"]
[SourceVersion "1"]
[SourceVersionDate "2008.07.14"]
[SourceQuality "2"]

1. d4 Nf6 2. Nf3 g6 3. Bg5 Bg7 4. Nbd2 d6 5. e3 O-O 6. Bc4 Nc6 7. c3 h6 8. Bh4
e5 9. dxe5 Nxe5 10. Nxe5 dxe5 11. Qc2 Bf5 12. e4 Bd7 13. Nf1 Bc6 14. f3 Qe7 15.
Ne3 Qc5 16. Bf2 Nh5 17. g3 Qe7 18. h4 Rad8 19. Rd1 Kh8 20. Bd5 Qf6 21. Qe2 Qe7
22. Bxc6 bxc6 23. Rxd8 Rxd8 24. Qc4 Qd7 25. Qe2 f5 26. exf5 gxf5 27. O-O f4 28.
Rd1 Qc8 29. Rxd8+ Qxd8 30. Nf5 fxg3 31. Bxg3 Nxg3 32. Nxg3 Qxh4 33. Ne4 Qf4 34.
Kg2 h5 35. Qd3 h4 36. Qd7 Qh6 {(=)} 37. Kh3 Bf8 38. Qf7 Qg7 39. Qh5+ Qh6 40.
Qxe5+ Bg7 41. Qe7 Kh7 42. Ng5+ Kg6 43. Qf7+ 1-0

[Event "Monarch Assurance Isle of Man 11th"]
[Site "Port Erin IOM"]
[Date "2002.10.01"]
[Round "4.26"]
[White "Harborne, Matthew"]
[Black "Collins, Sam IRL"]
[Result "0-1"]
[WhiteElo "2075"]
[BlackElo "2313"]
[PlyCount "86"]
[EventDate "2002.09.28"]
[EventType "swiss"]
[EventRounds "9"]
[EventCountry "IOM"]
[SourceTitle "BritBase"]
[SourceDate "2008.07.14"]
[SourceVersion "1"]
[SourceVersionDate "2008.07.14"]
[SourceQuality "2"]

1. e4 c5 2. c3 Nf6 3. e5 Nd5 4. d4 cxd4 5. cxd4 d6 6. Nf3 e6 7. Bc4 Nc6 8. O-O
Be7 9. Nc3 Nxc3 10. bxc3 dxe5 11. Nxe5 Nxe5 12. dxe5 Qxd1 13. Rxd1 Bd7 14. Be3
Rc8 15. Be2 Bc5 16. Bd4 Bxd4 17. Rxd4 Ke7 18. Rad1 Rhd8 19. Bf3 {(=)} b6 20. c4
Rc7 21. Be4 Rdc8 22. Bd3 Rc5 23. f4 R8c7 24. Rb1 h6 25. h4 Ra5 26. Rb2 Ra3 27.
Kf2 Rc5 28. Bc2 Rc3 29. Bd3 Ra5 30. Rd2 Be8 31. Rb2 Rc1 32. Bc2 Rh1 33. Be4
Rxh4 34. Kf3 g5 35. g3 Rh1 36. Kg4 Rg1 37. Rh2 gxf4 38. Kxf4 Rf1+ 39. Ke3 Rxe5
40. Ke2 Ra1 41. Kf3 Re1 42. Bd3 h5 43. Re2 Bc6+ 0-1